| 000 | 00721nam a2200217 a 4500 | ||
|---|---|---|---|
| 001 | 000002554 | ||
| 005 | 20200929150219.0 | ||
| 008 | 800610s1986 ag b 001 0 spa | ||
| 020 | _a9509097624 | ||
| 040 |
_aDO-SdBNP _bspa _cBNPHU |
||
| 041 | 1 | 7 |
_aeng _hspa |
| 082 |
_aA860 _bL665m |
||
| 100 | 1 |
_aLevin, Harry, _d1912-1994. _98047 |
|
| 240 | 1 | 0 |
_aMemories of the moderns. _lEspañol. |
| 245 | 1 | 0 |
_aEstudios sobre los modernistas / _cHarry Levin; traducción de Anibal Leal. |
| 260 |
_aBuenos Aires : _bFraterna, _c1986. |
||
| 300 |
_a352 p. ; _c20 cm. |
||
| 534 |
_aTítulo original: _tMemories of the moderns |
||
| 650 | 4 |
_aLiteratura argentina _ySIGLO XX _xHistoria y crítica _98048 |
|
| 700 | 1 |
_aLeal, Aníbal _etr. _94573 |
|
| 999 |
_c2390 _d2390 |
||